Länderflaggen aber ich habe sie mit Paint gemalt - Statistiken

Allgemein
  • Dieses Quiz wurde 49 mal gespielt
  • Das Durchschnittsergebnis liegt bei 19 aus 23
Antwortstatistiken
Bildquiz Antwort % Korrekt
Brasilien
100%
Deutschland
100%
China
98%
Neuseeland
98%
Liechtenstein
96%
Rumänien
93%
Algerien
91%
Luxemburg
91%
Portugal
91%
Indonesien
89%
Kosovo
89%
Sri Lanka
89%
Irak
87%
Taiwan
87%
Malaysia
85%
Angola
83%
Seychellen
76%
Bahamas
72%
Kirgistan
65%
St. Lucia
65%
Laos
61%
Guinea-bissau
59%
Grenada
54%
Keine übereinstimmenden Quizze gefunden
Verteilung der Resultate
Anzahl Personen mit jedem Resultat
Perzentil nach korrekt beantworteten Fragen
Ihre Resultats-Entwicklung
Sie haben dieses Quiz noch nicht gespielt